000 01304nam a22002297a 4500
008 250618b |||||||| |||| 00| 0 eng d
020 _a9782759055227
040 _ctbs
041 _afre
100 _aAttelan, Franck
_925501
_eauthor
245 _aLa bible du Tage Mage
_c/ Franck Attelan
250 _a15th edition.
260 _aLevallois-Perret Cedex,
_bGroupe Studyrama,
_c2024.
300 _a1413 pages,
_billustrations ;
_c24 cm.
490 _aCollection le choix du succès
520 _aNuméro 1 des ventes, la Bible du Tage Mage est l'ouvrage indispensable pour vous préparer au Tage Mage. La Bible du Tage Mage® est l’ouvrage de référence qui vous accompagnera tout au long de votre préparation au Tage Mage®. Vous y trouverez 15 tests blancs complets. Au total : plus de 2 500 questions et applications-clés... De quoi progresser rapidement dans chacune des 6 épreuves du Tage Mage® et espérer ainsi terminer parmi les premiers !
650 0 _aTAGE MAGE (Test d'aptitude aux études de gestion)
_925502
650 0 _aFrench Selection test for Higher Education in Management Studies
_925503
655 0 _aHandbook: Preparation for the TAGE MAGE
_925504
655 0 _aLevel range: C1 - C2
_xCommon European Framework of Reference for Languages (CEFR)
_925505
942 _2lcc
999 _c4763
_d4763